000 00415nam a2200181Ia 4500
001 572
005 20260306140527.0
008 260306t2011||||xx |||||||||||||| ||spa||
041 _aESP
082 _a128
_bF348
100 _aGottlieb Fichte, Johann
_eAUT
245 0 _aEl destino del hombre
260 _c2011
300 _a205 páginas :
_c21 cm.
650 _aGEN
654 _aCHU
942 _cLIB
_dJUS
_fJUS
_2ddc
_n
999 _c572
_d572